| 000 | 00569nam a22001817a 4500 | ||
|---|---|---|---|
| 005 | 20150102122504.0 | ||
| 010 | _aENG-111310 | ||
| 020 |
_a9789350098615 _c199.00 |
||
| 035 | _aEN-94842 | ||
| 037 | _bDBAD/PUB | ||
| 100 | _aClausewitz, Carl Von | ||
| 245 |
_aEssential on war for business / _cby Carl Von Clausewitz ; edited by Pritsikha Anil |
||
| 260 |
_aGurgaon _bHachette Book _c2014 |
||
| 270 |
_a4th/5th Floor, Corporate Center, Plot No.94, Sector 44 _bGurgaon _e122003 |
||
| 300 |
_axv, 120p. _c22cm(pbk) |
||
| 700 | _aPritsikha Anil | ||
| 942 |
_2ddc _cEN _mCLA |
||
| 999 |
_c90193 _d90193 |
||